Ship Construction : (Record no. 1522)

000 -LEADER
fixed length control field 00575nam a2200217 a 4500
007 - PHYSICAL DESCRIPTION FIXED FIELD--GENERAL INFORMATION
fixed length control field ta
008 - FIXED-LENGTH DATA ELEMENTS--GENERAL INFORMATION
fixed length control field 200107s ii a|||g |||| 00| 0 eng d
020 ## - INTERNATIONAL STANDARD BOOK NUMBER
Terms of availability Rs. 100.00
040 ## - CATALOGING SOURCE
Original cataloging agency IMU Kochi Library
Language of cataloging eng
041 0# - LANGUAGE CODE
Language code of text/sound track or separate title eng
082 04 - DEWEY DECIMAL CLASSIFICATION NUMBER
Edition number 23
Classification number 623.82
Item number F3911
100 1# - MAIN ENTRY--PERSONAL NAME
Personal name Fernandes, Edrich
245 10 - TITLE STATEMENT
Title Ship Construction :
Sub Title notes for ship mates /
260 ## - PUBLICATION, DISTRIBUTION, ETC. (IMPRINT)
Place of publication, distribution, etc Mumbai :
Name of publisher, distributor, etc Pro-Navigator Books ,
Date of publication, distribution, etc [201?]
300 ## - PHYSICAL DESCRIPTION
Extent 77 p. :
Other physical details ill. ;
Dimensions 30 cm
490 0# - SERIES STATEMENT
Series statement Professional Series ;
Volume number/sequential designation 3
650 #0 - SUBJECT ADDED ENTRY--TOPICAL TERM
Topical term or geographic name as entry element Shipbuilding
Form subdivision Textbooks
852 ## - LOCATION/CALL NUMBER
Location IMU Kochi Library
904 ## - LOCAL DATA ELEMENT D, LDD (RLIN)
CATALOGER Akhil Bose
942 ## - ADDED ENTRY ELEMENTS (KOHA)
Item type Books
Holdings
Withdrawn status Lost status Source of classification or shelving scheme Damaged status Not for loan Collection code Permanent location Current location Shelving location Date acquired Source of acquisition Cost, normal purchase price Total Checkouts Full call number Barcode Date last seen Date last borrowed Koha item type Public note Total Renewals
          Nautical Science IMU Kochi Library IMU Kochi Library General Stacks 2013-02-28 M/s Sterling Book House (Inv. No.2284 dt. 2013-02-19) 100.00 3 623.82 F3911 BK000620 2023-04-18 2023-04-05 Books Gen. Shelf-13, Row-3  
          Nautical Science IMU Kochi Library IMU Kochi Library General Stacks 2013-02-28 M/s Sterling Book House (Inv. No.2284 dt. 2013-02-19) 100.00 3 623.82 F3911 BK000621 2024-12-04 2022-06-16 Books Gen. Shelf-13, Row-3  
          Nautical Science IMU Kochi Library IMU Kochi Library General Stacks 2013-02-28 M/s Sterling Book House (Inv. No.2284 dt. 2013-02-19) 100.00 1 623.82 F3911 BK000622 2022-06-20 2022-05-19 Books Gen. Shelf-13, Row-3 1


Copyright © All Rights Reserved by Indian Maritime University, Kochi Campus.
For any Suggestions/Query Contact to library or Email: library.kochi@imu.ac.in Ph:(0484)-2989402
(Web OPAC Designed by Rudra Ranjan. Maintained by IMU Kochi Library)

Powered by Koha